000 00311nam a22001337a 4500
008 171006b xxu||||| |||| 00| 0 eng d
020 _a0801831601
041 _aeng
080 _a159.9
100 _a49
101 _aPSI
245 _aPSYCHOANALYSIS & THE QUESTION OF THE TEXT
_cHARTMAN,G.H
942 _2udc
_cBK
999 _c32388
_d32388